Quizzes
Events
Quiz Creation
Community
Videos
Private Events
Remove Ads
Sign In
Join for FREE
Feedback
Dark Mode
Quiz Categories
Sports
Geography
Music
Movies
Television
Just For Fun
Miscellaneous
History
Literature
Language
Science
Gaming
Entertainment
Religion
Holiday
For Kids
Quiz Lab
Recent
Popular Today
Quiz Kudos Today
Editor Picks
Curator Picks
Quizzes by...
Day
Popularity
Type
Ratings
Length
Year
Community
Subscriptions
Recent Discussions
Orange Saloon
Badges
Playlists
Quests
Create
Leaderboards
Showdown
Live 5
Trivia Bingo
Activity
Puzzle Library
Sporcle Events
Private Events
Virtual Trivia
Globe League
Become a Host
Pub Owners
SporcleCon
Opinionation
Our Games
Videos
Blog
Mobile Apps
Partnerships
Remove Ads and Go Orange
Feedback
Movies
Disney
Marvel Cinematic Universe
Movie Resume
Movie Titles
Oscar
Actor
Actress
Director
Pixar
Role
Movie Quotes
Movie Characters
Box Office
Nominee
Best Picture
Star Wars
James Bond
Horror Movies
Movies
Disney
Marvel Cinematic Universe
Movie Resume
Movie Titles
Oscar
Actor
Actress
Director
Pixar
Role
Movie Quotes
Movie Characters
Box Office
Nominee
Best Picture
Star Wars
James Bond
Horror Movies
Random Quiz
Search Sporcle
×
Quiz Lab
Quiz Lab
Movies
Natalie Portman
Type answers that appear on an image
Type answers that appear on an image
Map
Best Score? Go Orange.
Evolution of Natalie Portman Stats
Can you name the movies in the Evolution of Natalie Portman (Jeff Victor)?
By
renesmi12
2m
6 Questions
85 Plays
85 Plays
85 Plays
Comments
Comments
Give Quiz Kudos
Give Quiz Kudos
-
- Ratings
hide this ad
Forced Order
Answers have to be entered in order
Answers have to be entered in order
Replay
Link that replays current quiz
Next Quiz
Link to next quiz in quiz playlist
You Got
0%
They Got
Avg Score
87%
Avg Friend Score
Upgrade to see
Score Distribution
Jump to the score distribution portion of the page
Score
0/6
Timer
02:00
0
Plays Today
% Correct
Black Swan
94.1%
V for Vendetta
89.4%
Thor
89.4%
Léon: The Professional
84.7%
Star Wars: Episode I – The Phantom Menace
84.7%
Mars Attacks!
82.4%
Quiz Playlist
Details
Report
Send in Message
Add To Playlist
Map:
Type answers that appear on an image
Forced Order:
Answers have to be entered in order
Quiz Source
Last Updated: Nov 23, 2017
Quiz Scoreboard
CHALLENGE
Sign Up to Join the Scoreboard
Show All
Scores
Hide
Comments
May contain spoilers
Recently Published
College Basketball Coaching Resumes
by pancakes188
Sports
9m
Billboard Blitz: Fleetwood Mac
by CooCooCachoo
Music
15s
Presidents Visiting Landmarks
by Hejman
History
7m
More to Explore
Quiz From the Vault
Featured Blog Post
Where Did the Easter Bunny Come From?
hide this ad
You Might Also Like...
Tags
Evolution
jeff
natalie
Natalie Portman
Portman
Victor
Today's Top Quizzes in Movies
Browse Movies
hide this ad
Today's Top Quizzes in Natalie Portman
Browse Natalie Portman
Top Contributed Quizzes in Movies
1
Pick 5 Posters: Directed by Spielberg
2
7-to-1: Pixar Characters
3
Pick 5 Posters: Lowest-Rated Spielberg
4
Sorting Actors
5
Pick 5 Posters: Directed by Scorsese
6
Sorting Actresses
7
Pick 5 Posters: Star & Director
8
Pick 5 Posters: Women Directed 2020s
9
12 Movies about Fictional 1960s Events
10
Multi-Oscar Nominations, One Movie, One Winner
Explore More
Trending Topics
Disney
Crossword
Marvel
Kpop
NBA
Harry Potter
Anime
Pokémon
NFL
WWE
Song
Puzzle
Soccer
Country
The Office
hide this ad
More By:
renesmi12
Quiz
Plays
Rating
Category
Featured
Created
5 Blitz: Singers (Men)
21,191
4.52
Music
Sep 3, 2020
Missing Word: Taylor Swift Songs Last Words (A-Z)
18,626
4.56
Just For Fun
Mar 17, 2019
5 Blitz: Singers (Women)
16,274
4.35
Music
Aug 4, 2020
Follow That Line: Avengers - Infinity War
9,337
4.38
Movies
May 1, 2018
Follow That Line: Thor - Ragnarok
8,965
4.06
Movies
Nov 20, 2017
Go to Creator's Profile
Score Distribution
Quiz Creator Spotlight
renesmi12
Follow
Send a Message
Quizzes Created
-
Created Quiz Play Count
-
More By This Creator
Popular Quizzes Today
1
Find the US States - No Outlines Minefield
2
Find the Countries of Europe - No Outlines Minefield
3
The Countries of the World
4
Find the US States
5
Risky Map Clicking: Biggest States A-Z
6
US States
7
Popular People in 1961
8
Movies - When Are They Set?
More Movies Quizzes
LOTR Screenshots: The Return of the King
Published
Trending Quizzes
Risky Map Clicking: Least Populous States A-Z
1-10 Letter G Words
1-10 Letter F Words
Risky Map Clicking: Next State Alphabetically
Risky Map Clicking: Biggest States A-Z
Recently Updated
Leaping Animals
pecheneg
Reality TV Shows (A-Z)
bhenderson79
Rickey Henderson's Hall of Fame Teammates
pecheneg
Champions League XIs: Arsenal
pecheneg
Quick Pick: Celebrities in WWE's Hall of Fame
aduchscher
A-Z Keypad Blitz II
pecheneg
Multiple Oscar Actors
pecheneg
Mystery Phrase Blitz: Oscar 'Best Actors'
pecheneg
F. Scott Fitzgerald Novels
LTH
Pick 3 Villains
ddd62291
Trending Topics
Kpop
Disney
Marvel
Anime
NBA
Harry Potter
Crossword
Country
Soccer
The Office
Song
NFL
WWE
Puzzle
Pokémon
Your Account Isn't Verified!
In order to create a playlist on Sporcle, you need to verify the email address you used during registration. Go to your
Sporcle Settings
to finish the process.
Report this User
Report this user for behavior that violates our
Community Guidelines
.
Details:
Send Report
Go to the Sporcle.com Mobile Site →
Comments